Statistics for Pi Digits #05 401-500

Click here to take the quiz!

General Stats

  • This quiz has been taken 119 times
  • The average score is 18 of 20

Answer Stats

Digits% Correct
27036
100%
33057
100%
57595
95%
91953
90%
07446
86%
09218
86%
18548
86%
18857
86%
23799
86%
31051
86%
52724
86%
56735
86%
61173
86%
61179
86%
62749
86%
79381
86%
81932
86%
83011
86%
89122
86%
94912
86%

Score Distribution

Percentile by Number Answered

Percent of People with Each Score

Your Score History

You have not taken this quiz